[Event "NRW Sportland Cup Masters"]
[Site "Senden"]
[Date "1998.10.12"]
[Round "5"]
[White "Bunzmann, Dimitrij"]
[Black "Holzke, Frank"]
[Result "1/2-1/2"]
[WhiteElo "2455"]
[BlackElo "2425"]

1.g3 d5 2.Nf3 g6 3.Bg2 Bg7 4.O-O Nf6 5.c4 O-O 6.cxd5 Nxd5 7.Nc3 c5 8.d3 Nc6
9.Bd2 b6 10.Qa4 Nxc3 11.bxc3 Bb7 12.Rab1 Qd7 13.Rfc1 Rfd8 14.Qh4 Ne5 15.Nxe5 Bxe5
16.Bxb7 Qxb7 17.Qc4 Rab8 18.Be3 e6 19.a4 Qd5 20.Qxd5 exd5 21.c4 dxc4 22.Rxc4 Bd4
23.Bxd4 Rxd4 24.Rxd4 cxd4 25.Rb5 Rd8 26.a5 Rd6 27.axb6 axb6 28.Kf1 f5 29.Ke1 Kf7
30.Kd2 Ke6 31.e4 dxe3+ 32.fxe3 Kd7 33.d4 Rc6 34.Rd5+ Rd6 35.Rb5 Re6 36.Kd3 Kc6
37.Rb1 Kd5 38.Ra1 g5 39.Ra7 Rh6 40.Rg7 Rxh2 41.Rxg5 Ke6 42.g4 Rf2 43.gxf5+ Rxf5
44.Rg7 h5 45.e4 Rf7 46.Rg5 Rh7 47.Rg6+ Kd7 48.Rxb6 Kc7 49.Ra6 Kb7 50.Ra1 h4
51.d5 h3 52.Kd4 h2 53.Rh1 Kc7 54.Kc5 Kd7 55.e5 Rh4 56.e6+ Ke7 57.Kc6 Rh3
58.d6+ Kxe6 59.Re1+ Kf5 60.d7 Rc3+  1/2-1/2

[Event "Budapest FS10 IM-B"]
[Site "Budapest"]
[Date "1998.10.13"]
[Round "11"]
[White "Zalkind, Karmi"]
[Black "Lengyel, Bela"]
[Result "1-0"]
[WhiteElo "2265"]
[BlackElo "2385"]

1.Nf3 d5 2.g3 Nf6 3.Bg2 Bf5 4.O-O e6 5.d3 Nbd7 6.Nbd2 Bc5 7.b3 a5 8.a3 O-O
9.Bb2 h6 10.h3 c6 11.Qe1 Bh7 12.e4 Qb6 13.Qe2 Rfd8 14.Kh1 Bf8 15.a4 Qa6 16.e5 Ne8
17.Nd4 Nc7 18.f4 c5 19.N4f3 b5 20.g4 Nb6 21.Ne1 bxa4 22.bxa4 Rab8 23.Bc1 c4
24.f5 cxd3 25.Nxd3 Nc4 26.Nb3 Qb6 27.Qf3 Rd7 28.Rb1 Rbd8 29.Qg3 Qa7 30.Qh4 Na6
31.f6 Bxd3 32.cxd3 Nxe5 33.fxg7 Bxg7 34.Bxh6 Ng6 35.Qg5 Bxh6 36.Qxh6 Nc5
37.Nd4 Qa6 38.Rb5 Nxd3 39.Rf6 Qc8 40.Nxe6 Qc1+ 41.Qxc1 Nxc1 42.Nxd8  1-0

[Event "NRW Sportland Cup Masters"]
[Site "Senden"]
[Date "1998.10.13"]
[Round "6"]
[White "Espig, Lutz"]
[Black "Schlecht, Daniel"]
[Result "1/2-1/2"]
[WhiteElo "2440"]
[BlackElo "2395"]

1.Nf3 d5 2.g3 Nf6 3.Bg2 c6 4.b3 Bg4 5.Bb2 Nbd7 6.d3 e6 7.Nbd2 Bd6 8.O-O O-O
9.Qe1 Re8 10.e4 e5 11.h3 Bh5 12.Nh4 a5 13.a3 Qc7 14.Nf5 Bc5 15.Ne3 dxe4 16.dxe4 Nf8
17.Nf5 Ne6 18.Nc4 Nd4 19.Nxd4 exd4 20.b4 Ba7 21.e5 Nd7 22.Qd2 Nxe5 23.Nxe5 Qxe5
24.bxa5 Qe2 25.Qf4 d3 26.a6 Qxc2 27.axb7 Rad8 28.Be5 d2 29.g4 d1=Q 30.Raxd1 Rxd1
31.gxh5 Rxf1+ 32.Bxf1 Rxe5 33.Qd4 Qxf2+ 34.Qxf2 Bxf2+ 35.Kxf2 Re8 36.Bg2 Kf8
37.a4 Rb8 38.Bxc6 Ke7 39.a5 Kd6 40.Be4 Kc7 41.a6 Kb6 42.Bd3  1/2-1/2

[Event "NRW Sportland Cup Masters"]
[Site "Senden"]
[Date "1998.10.15"]
[Round "8"]
[White "Konietzka, Lutz"]
[Black "Kroencke, Manfred"]
[Result "1/2-1/2"]
[WhiteElo "2125"]
[BlackElo "2165"]

1.Nf3 d5 2.g3 c5 3.Bg2 Nc6 4.c4 d4 5.d3 g6 6.e3 Bg7 7.exd4 Nxd4 8.Nxd4 Bxd4
9.Nc3 Nf6 10.Nb5 O-O 11.O-O Ng4 12.Nxd4 Qxd4 13.h3 Ne5 14.Be3 Qd6 15.Bf4 Qf6
16.d4 cxd4 17.Re1 Nd7 18.Qe2 Re8 19.Rad1 Qb6 20.b3 e5 21.Qb2 Qd8 22.Qe2 Qb6
23.Qb2 Qd8  1/2-1/2

[Event "Bundesliga 9899"]
[Site "Germany"]
[Date "1998.10.17"]
[Round "1.8"]
[White "Kapischka, Jens"]
[Black "Jugelt, Tobias"]
[Result "0-1"]
[WhiteElo "2315"]
[BlackElo "2360"]

1.Nf3 d5 2.g3 c6 3.Bg2 Bg4 4.d3 Nd7 5.O-O e6 6.Nbd2 Bc5 7.e4 Ne7 8.h3 Bxf3
9.Nxf3 O-O 10.e5 Bb6 11.Bg5 h6 12.Bxe7 Qxe7 13.Qe2 f5 14.exf6 Qxf6 15.d4 Rae8
16.Ne5 Nxe5 17.dxe5 Qf5 18.Kh2 g5 19.f4 Kh7 20.Rad1 Bc7 21.Rd3 gxf4 22.gxf4 Rg8
23.h4 Rg4 24.Bh3 Rxh4 25.Qf2 Qh5 26.Rg3 Bb6 27.Qd2 Rf8 28.Kg2 Kh8 29.c3 Rf7
30.Rff3 a5 31.Kf1 Rfxf4 32.Rxf4 Rxf4+ 33.Qxf4 Qd1+ 34.Kg2 Qg1+ 35.Kf3 Qf2+
36.Kg4 h5+ 37.Kg5 Bd8+  0-1

[Event "Bundesliga 9899"]
[Site "Germany"]
[Date "1998.10.17"]
[Round "1.4"]
[White "Roos, Daniel"]
[Black "Gabriel, Christian"]
[Result "0-1"]
[WhiteElo "2430"]
[BlackElo "2555"]

1.Nf3 d5 2.g3 c6 3.Bg2 Nf6 4.O-O Bf5 5.d3 h6 6.c4 e6 7.Qb3 Qb6 8.Qxb6 axb6
9.Nc3 Nbd7 10.Bf4 Bc5 11.Ne5 Bd4 12.Nxd7 Nxd7 13.cxd5 exd5 14.e4 dxe4 15.dxe4 Be6
16.Rfd1 Bxc3 17.bxc3 O-O 18.Bd6 Rfe8 19.f4 Bxa2 20.Bc7 Nc5 21.Rd2 Bc4 22.Rxa8 Rxa8
23.Bxb6 Ra1+ 24.Kf2 Na4 25.Bd4 Rc1 26.e5 g6 27.e6 fxe6 28.Be3 Rxc3 29.Be4 Bd5
30.Bxg6 b5 31.g4 b4 32.f5 exf5 33.gxf5 Nc5 34.f6 Nd7 35.f7+ Kg7 36.Be4 Kxf7
37.Bxd5+ cxd5 38.Rxd5 Nf6 39.Rf5 Ke6 40.Rf4 Rxe3  0-1

[Event "SWE-chT 9899"]
[Site "Sweden"]
[Date "1998.10.17"]
[Round "2"]
[White "Karlsson, Lars"]
[Black "Vernersson, Per"]
[Result "1/2-1/2"]
[WhiteElo "2470"]
[BlackElo "2345"]

1.Nf3 d5 2.g3 c5 3.Bg2 Nc6 4.d4 Nf6 5.O-O e6 6.c4 dxc4 7.Qa4 cxd4 8.Nxd4 Qxd4
9.Bxc6+ Bd7 10.Rd1 Qxd1+ 11.Qxd1 Bxc6 12.Nc3 Bc5 13.Qc2  1/2-1/2

[Event "AUT2W-chT 9899"]
[Site "AUT"]
[Date "1998.10.18"]
[Round "2.2"]
[White "Reich, Thomas"]
[Black "Bachmayr, Peter"]
[Result "1/2-1/2"]
[WhiteElo "2385"]
[BlackElo "2375"]

1.Nf3 d5 2.g3 Nf6 3.Bg2 c6 4.b3 Bg4 5.Bb2 Nbd7 6.d3 e6 7.Nbd2 Be7 8.O-O O-O
9.c4 a5 10.a3 Ne8 11.Ra2  1/2-1/2

[Event "BL2-O9899"]
[Site "Germany"]
[Date "1998.10.18"]
[Round "1.6"]
[White "Fischer, Johannes"]
[Black "Kuraszkiewicz, Michael"]
[Result "1-0"]
[WhiteElo "2335"]
[BlackElo "2330"]

1.Nf3 d5 2.g3 c6 3.Bg2 Nf6 4.O-O Bf5 5.d3 e6 6.b3 Nbd7 7.Bb2 Be7 8.Nbd2 O-O
9.c4 h6 10.a3 a5 11.Rc1 Bh7 12.Re1 Qb8 13.cxd5 cxd5 14.Nd4 Ra6 15.e4 Nc5
16.Re3 e5 17.Nf5 Bxf5 18.exf5 d4 19.Bxd4 Nxd3 20.Rxd3 exd4 21.Rxd4 Bxa3 22.Rc2 b5
23.Nf1 Rd6 24.Ne3 Rxd4 25.Qxd4 Rd8 26.Qc3 Bb4 27.Qc6 Qe5 28.Bf1 Rb8 29.Qc7 Qxc7
30.Rxc7 Bd6 31.Ra7 a4 32.bxa4 Bc5 33.Ra5 Bxe3 34.fxe3 b4 35.Rb5 Rxb5 36.Bxb5 b3
37.Bd3 Nd5 38.Kf2 Kf8 39.Ke1 Ke7 40.Kd2 Kd6 41.e4 Nb4 42.Kc3 Kc5 43.Bb5 Nc2
44.Kxb3 Nd4+ 45.Kc3 Nf3 46.Be2 Nd4 47.Bc4 f6 48.Bd5 Nf3 49.Bc4 Ne5 50.Be2 Nc6
51.Bd3 Na5 52.Bb5 Nb7 53.Bc4 Nd6 54.Bd5 Nc8 55.a5 Na7 56.a6 Nb5+ 57.Kd3 Kb6
58.Bc4 Na3 59.Kc3 Nb1+ 60.Kd4 Nd2 61.Be2 Nb3+ 62.Kd5 Nc5 63.a7  1-0

[Event "Bundesliga 9899"]
[Site "Germany"]
[Date "1998.10.18"]
[Round "2.8"]
[White "Norwood, David"]
[Black "Schmidt, Stefan"]
[Result "1-0"]
[WhiteElo "2515"]
[BlackElo "2235"]

1.g3 d5 2.Nf3 c6 3.Bg2 Bg4 4.b3 Nd7 5.Bb2 Ngf6 6.O-O Qc7 7.c4 Bxf3 8.Bxf3 Ne5
9.Bg2 dxc4 10.Na3 cxb3 11.Qxb3 Ned7 12.Rab1 e6 13.Nc4 Rb8 14.Rfc1 Be7 15.Ba3 Nc5
16.Qe3 b6 17.d4 Ncd7 18.Nd6+ Kf8 19.Rxc6 Qd8 20.Rbc1  1-0

[Event "Szeged TT10 IM"]
[Site "Szeged"]
[Date "1998.10.20"]
[Round "6"]
[White "Ianov, Viktor"]
[Black "Sutorikhin, Vladimir"]
[Result "1/2-1/2"]
[WhiteElo "2350"]
[BlackElo "2350"]

1.Nf3 d5 2.g3 Nc6 3.d4 Bf5 4.Bg2 Nb4 5.Na3 e6 6.O-O Be7 7.c3 Nc6 8.Nc2 Be4
9.Bh3 Nf6 10.Ne3 O-O 11.Nh4 Nd7 12.Nf3 Nf6  1/2-1/2

[Event "VAM Hoogeveen op"]
[Site "Hoogeveen"]
[Date "1998.10.24"]
[Round "9"]
[White "Visser, Yge"]
[Black "Timmermans, Ivo"]
[Result "1/2-1/2"]
[WhiteElo "2370"]
[BlackElo "2225"]

1.Nf3 d5 2.g3 c6 3.Bg2 Bg4 4.O-O Nd7 5.d3 e5 6.h3 Bh5 7.Qe1 Ngf6 8.e4 dxe4
9.dxe4 Bc5 10.b4 Bb6 11.Nbd2 Bxf3 12.Bxf3 Qe7 13.Nc4 Qe6 14.Nxb6  1/2-1/2

[Event "Hampstead IM4"]
[Site "Hampstead"]
[Date "1998.10.27"]
[Round "3"]
[White "Corkett, Anthony"]
[Black "Christensen, Thomas"]
[Result "1-0"]
[WhiteElo "2240"]
[BlackElo "2290"]

1.Nf3 d5 2.g3 c6 3.Bg2 Nf6 4.d3 Bg4 5.Nbd2 Nbd7 6.c3 e6 7.O-O Bc5 8.b4 Bb6
9.Bb2 O-O 10.a4 a5 11.Nb3 axb4 12.cxb4 Bc7 13.Qc2 Bd6 14.Nc5 Qc7 15.Rfc1 Bxf3
16.Bxf3 Nxc5 17.bxc5 Be7 18.d4 Nd7 19.Rcb1 e5 20.e4 dxe4 21.Bxe4 g6 22.dxe5 Nxc5
23.e6 fxe6 24.Bxg6 Bd6 25.Re1 Qe7 26.Bd3 b6 27.Bc4 Qf7 28.Re2 Qf5 29.Qc3 Qg6
30.Rxe6  1-0

[Event "Wch U16 Girls"]
[Site "Oropesa del Mar"]
[Date "1998.10.29"]
[Round "4"]
[White "Calotescu, Cristina"]
[Black "Kovacevic, Radmila"]
[Result "1-0"]
[WhiteElo "2180"]
[BlackElo "2105"]

1.Nf3 d5 2.g3 Bg4 3.Ne5 Be6 4.Bg2 f6 5.Nf3 Bf7 6.d4 c5 7.O-O cxd4 8.Nxd4 e5
9.Nb3 Nc6 10.Nc3 Nge7 11.Nc5 b6 12.Nb3 Qd7 13.a4 a6 14.f4 e4 15.Be3 Rb8 16.Qd2 h5
17.Rfd1 Qc7 18.Bf2 Rd8 19.Bh3 h4 20.g4 Ng6 21.e3 Bb4 22.Bf1 Qc8 23.h3 Nge7
24.Qe2 Bxc3 25.bxc3 Nb8 26.Be1 g5 27.fxg5 fxg5 28.Nd4 O-O 29.Qh2 Nbc6 30.Rab1 Qb7
31.Rb2 Rb8 32.Rdb1 Nxd4 33.cxd4 Qc6 34.Qe5 Ng6 35.Qxg5 Kg7 36.Bxh4 Be8 37.Bg3 Rb7
38.Bxa6  1-0

[Event "Wch U18"]
[Site "Oropesa del Mar"]
[Date "1998.10.29"]
[Round "4"]
[White "Gazarian, Aram"]
[Black "Lopez Martinez, Jose Manuel"]
[Result "1/2-1/2"]
[WhiteElo "2470"]
[BlackElo "2350"]

1.Nf3 d5 2.g3 e6 3.Bg2 Bd6 4.O-O Ne7 5.d3 O-O 6.e4 c5 7.Nbd2 Nbc6 8.Nh4 b6
9.f4 Bb7 10.f5 exf5 11.exd5 Nb4 12.Nxf5 Bxd5 13.Bxd5 Nbxd5 14.Ne4 Nxf5 15.Rxf5 Be7
16.Qf3 Nf6 17.Be3 Nxe4 18.dxe4 Qc8 19.Rd5 Qc6 20.Rad1 Rfe8 21.e5 Qe6 22.c4 Rac8
23.b3 Bd8 24.Rd7 Bc7 25.Bf4 h6 26.Qb7 Bb8 27.Qd5 g5 28.Qxe6 Rxe6 29.Rd8+ Re8
30.Rxc8 Rxc8 31.e6 fxe6 32.Bxb8 Rxb8 33.Rd7 a5 34.Re7 b5 35.cxb5 Rxb5 36.Rxe6 a4
37.bxa4 Rb2 38.Rxh6 c4 39.Rc6 Rb4 40.Rg6+ Kf7 41.Rxg5 Rxa4 42.h4 Rxa2 43.Rc5 Rc2
44.h5 Kg7 45.Rc6 c3 46.g4 Rd2 47.Rxc3 Rd4 48.Rg3 Kh6 49.Kg2 Kg5 50.Kh3 Ra4
51.Rd3 Ra5 52.Kg3 Rb5 53.Kf3 Ra5 54.Rd4 Ra3+ 55.Ke2 Rb3 56.Kf2 Ra3 57.Re4 Rb3  1/2-1/2

[Event "Wch U18"]
[Site "Oropesa del Mar"]
[Date "1998.10.30"]
[Round "5"]
[White "Gazarian, Aram"]
[Black "Pert, Nicholas"]
[Result "1/2-1/2"]
[WhiteElo "2470"]
[BlackElo "2390"]

1.Nf3 d5 2.g3 Bg4 3.Bg2 Nd7 4.O-O c6 5.d3 e6 6.Nbd2 Bd6 7.e4 Ne7 8.h3 Bh5
9.Re1 O-O 10.g4 Bg6 11.e5 Bc7 12.Nf1 c5 13.Bg5 Qe8 14.Bh4 Nc6 15.Bg3 b5 16.h4 h5
17.Bh3 Qb8 18.Qe2 Qb6 19.N1h2 c4 20.gxh5 cxd3 21.cxd3 Bxh5 22.Bg4 Bxg4 23.Nxg4 Nd4
24.Nxd4 Qxd4 25.Kg2 Rae8 26.h5 Bb8 27.Rac1 f5 28.exf6 Nxf6 29.Ne5 Bxe5 30.Qxe5 Qxd3
31.Rc7 Rf7 32.Re3 Qh7 33.Rxf7 Kxf7 34.Rf3 Kg8 35.Rc3 Qxh5 36.Rc7 Qg6 37.Rb7 Ne4
38.Rxb5 Rf8 39.Rb8 Rxb8 40.Qxb8+ Kh7 41.Qf4 Nxg3 42.Qxg3 Qe4+ 43.Qf3 Qg6+
44.Qg3 Qe4+ 45.Qf3 Qg6+  1/2-1/2

[Event "Panormo zt"]
[Site "Panormo"]
[Date "1998.10.30"]
[Round "7"]
[White "Psomiadis, Stavros"]
[Black "Lobzhanidze, Davit"]
[Result "1/2-1/2"]
[WhiteElo "2155"]
[BlackElo "2455"]

1.Nf3 d5 2.g3 c6 3.Bg2 Bg4 4.b3 Nd7 5.Bb2 Ngf6 6.O-O e6 7.d3 Be7 8.Nbd2 O-O
9.e4 dxe4 10.dxe4 Qc7 11.Qe1 e5 12.h3 Bxf3 13.Nxf3 Rfe8 14.Qe2 Bf8 15.Rfd1 Nc5
16.Ne1 b5 17.Nd3 Nfd7 18.Nxc5 Bxc5 19.h4 Nf8 20.a3 Ne6 21.c3 a5 22.b4 Bb6
23.Bh3 Qe7 24.Rd2 axb4 25.axb4 Rxa1+ 26.Bxa1 Rd8 27.Rxd8+ Nxd8 28.Bb2 Nb7
29.Bc1 Nd6 30.Be3 Bxe3 31.Qxe3 Nc4 32.Qd3 Qd6 33.Qxd6 Nxd6 34.f3 Nb7 35.Bd7 Nd8
36.Kf2 Kf8 37.Ke3 Ke7 38.Bh3 Nb7 39.Bf1 Nd6 40.Bd3 Kd7 41.f4 f6 42.Be2 Kc7
43.Kd3 Kb6 44.Bg4 Ne8 45.Be6 Nc7 46.Bc8 Ka7 47.Bf5 h6 48.Bd7 Kb7 49.Ke3 Kb6
50.Kf3 c5 51.Kg4 cxb4 52.cxb4 exf4 53.gxf4 Na6 54.Kh5 Nxb4 55.Kg6 Nd3 56.Kxg7 Nxf4
57.Kxh6 b4 58.Ba4 Kc5  1/2-1/2

[Event "Panormo zt"]
[Site "Panormo"]
[Date "1998.10.31"]
[Round "8"]
[White "Minasian, Artashes"]
[Black "Drasko, Milan"]
[Result "1-0"]
[WhiteElo "2620"]
[BlackElo "2515"]

1.Nf3 d5 2.g3 c6 3.Bg2 Bg4 4.c4 e6 5.cxd5 Bxf3 6.Bxf3 cxd5 7.O-O Nc6 8.d3 g6
9.Qb3 Qd7 10.Qc3 e5 11.Qb3 Nge7 12.Bg2 Bg7 13.Nc3 Rd8 14.Bg5 f6 15.Bd2 Nd4
16.Qd1 Ne6 17.Rc1 f5 18.Na4 b6 19.Bb4 Nc6 20.Ba3 Ncd4 21.Nc3 e4 22.dxe4 fxe4
23.e3 Nb5 24.Nxb5 Qxb5 25.Qg4 Qd7 26.Bh3 Nc5 27.Qxd7+ Nxd7 28.Rc7 Bf8 29.b4 Bd6
30.Rxa7 Ne5 31.Bb2 Rf8 32.Be6 Nf3+ 33.Kg2 Be5 34.Ba3 Rf6 35.Bg8 Rd7 36.Rxd7 Kxd7
37.Bxd5 Rd6 38.Rd1 b5 39.Bb3 Nd2 40.Bc2 Bc3 41.Bc1 Nc4 42.Rxd6+ Nxd6 43.a3 Ke6
44.Kf1 Ke5 45.Bb3 h5 46.h4  1-0

[Event "Chigorin mem"]
[Site "St. Petersburg"]
[Date "1998.10.31"]
[Round "1"]
[White "Loginov, Valery A"]
[Black "Belov, Alexei"]
[Result "1-0"]
[WhiteElo "2520"]
[BlackElo "2305"]

1.Nf3 d5 2.g3 Nf6 3.Bg2 e6 4.O-O Be7 5.d3 c5 6.Nbd2 Nc6 7.e4 Qc7 8.Re1 dxe4
9.dxe4 e5 10.c3 O-O 11.Bf1 Rd8 12.Qc2 h6 13.a4 Bg4 14.Nh4 Be6 15.Nc4 Na5
16.Nxa5 Qxa5 17.Nf5 Bf8 18.Ne3 Ng4 19.Nd5 Nf6 20.Nxf6+ gxf6 21.b3 a6 22.Be3 Qb6
23.a5 Bxb3 24.Qc1 Qc6 25.Bxh6 Be6 26.Rb1 Qc7 27.Bxf8 Kxf8 28.Rb6 Rd6 29.Qh6+ Ke7
30.Reb1 Rxb6 31.Rxb6 Rd8 32.h4 Rd6 33.Rb1 b5 34.axb6 Rxb6 35.Ra1 a5 36.h5 Rb8
37.Qe3 Bb3 38.h6 a4 39.Bh3 Ra8 40.h7 Qa7 41.Bf5 Rh8 42.Kg2 Qa5 43.Qd2 Qd8
44.Qh6 Qd3 45.g4 Qd6 46.Qg7 Qb8 47.g5 fxg5 48.Qxg5+ Kd6 49.Qf6+ Kc7 50.Qxe5+ Kb6
51.Qf6+ Kb5 52.Bd7+ Ka5 53.Qc6  1-0

[Event "Panormo zt"]
[Site "Panormo"]
[Date "1998.11.01"]
[Round "9"]
[White "Simeonidis, Ioannis"]
[Black "Kagas, Konstantinos"]
[Result "0-1"]
[WhiteElo "2310"]
[BlackElo "2140"]

1.Nf3 d5 2.g3 g6 3.c4 dxc4 4.Qa4+ Nd7 5.Bg2 Bg7 6.O-O Nf6 7.Qxc4 O-O 8.d4 c6
9.Nc3 Qa5 10.Bf4 Qh5 11.e4 Nb6 12.Qb4 Re8 13.Rfe1 Bf8 14.Qb3 Be6 15.Qc2 h6
16.b3 Bg7 17.a4 Bg4 18.Ne5 Nfd7 19.Nxg4 Qxg4 20.a5 Nc8 21.a6 bxa6 22.e5 Ncb6
23.Bxc6 Rac8 24.Bg2 Nb8 25.Qd2 g5 26.Be3 Red8 27.Qb2 Nc6 28.Bxc6 Rxc6 29.Rec1 f6
30.exf6 Bxf6 31.Qe2 Qe6 32.Qxa6 Qxb3 33.Rab1 Qc4 34.Qxa7  0-1

[Event "Chigorin mem"]
[Site "St. Petersburg"]
[Date "1998.11.01"]
[Round "2"]
[White "Kochyev, Alexander"]
[Black "Aleksandrov, Danila"]
[Result "1-0"]
[WhiteElo "2435"]
[BlackElo "2240"]

1.Nf3 d5 2.g3 Nf6 3.Bg2 e6 4.O-O c5 5.d4 cxd4 6.Nxd4 Be7 7.c4 O-O 8.cxd5 Nxd5
9.Nc3 Nxc3 10.bxc3 e5 11.Nb5 Qb6 12.Rb1 Rd8 13.Qc2 Bc5 14.Ba3 Na6 15.c4 Bd7
16.Nc3 Qe6 17.Bb2 Bc6 18.Nd5 Rac8 19.Rfd1 b5 20.Qe4 bxc4 21.Qxe5 Qxe5 22.Bxe5 Re8
23.Bd4 Rxe2 24.Bf1 Re4 25.Bxc5 Nxc5 26.Nc3 Ree8 27.Bxc4 g6 28.Nb5 Bf3 29.Nd6 Red8
30.Nxf7 Rxd1+ 31.Rxd1 Bxd1 32.Nd6+ Kf8 33.Nxc8 a5 34.f4 Bg4 35.Na7 Bd7 36.Kf2 Ke7
37.Ke3 Kd6 38.Nb5+ Kc6 39.Nc3 Kd6 40.Bg8 h5 41.Ne4+ Nxe4 42.Kxe4 Bc6+ 43.Kd4 Be8
44.Bd5 Bd7 45.a3 Ba4 46.Be4 Be8 47.h4 Bf7 48.f5 gxf5 49.Bxf5 Bb3 50.g4 hxg4
51.Bxg4 Bc2 52.h5 a4 53.h6 Ke7 54.Bd1 Bb1 55.Bxa4 Kf6 56.Bb3 Bf5 57.a4 Bc8
58.Bc2 Bb7 59.a5 Ba6 60.Bd3  1-0

[Event "Chigorin mem"]
[Site "St. Petersburg"]
[Date "1998.11.01"]
[Round "2"]
[White "Rubzova, Tatiana"]
[Black "Goloshchapov, Alexander"]
[Result "1-0"]
[WhiteElo "2265"]
[BlackElo "2445"]

1.g3 d5 2.Nf3 c6 3.Bg2 Bg4 4.O-O Nd7 5.b3 e5 6.Bb2 Bd6 7.c4 d4 8.Qc2 Ngf6
9.e3 c5 10.Nh4 Qc7 11.Nf5 Bxf5 12.Qxf5 O-O 13.Na3 a6 14.Nc2 Rab8 15.Rac1 Qa5
16.exd4 cxd4 17.Bxd4 Qxa2 18.Ba7 Ra8 19.Qd3 Rxa7 20.Qxd6 Qxb3 21.Ne3 Qb6
22.Qxb6 Nxb6 23.Rb1 Nfd7 24.Rfc1 Rb8 25.Bh3 Rd8 26.c5 Nc8 27.Nd5 Kf8 28.Bg2 Nb8
29.Nc3 Nc6 30.Ne4 a5 31.Rb2 Nb4 32.Ra1 Rd4 33.Nc3 Rd7 34.Nb5 Ra6 35.Bf1 Ke7
36.Nd6 Nxd6 37.Bxa6 Ne4 38.Bf1 Rxd2 39.Rxd2 Nxd2 40.Rxa5 Kd7 41.Bg2 Nc6 42.Rb5 Kc7
43.Bd5 f5 44.Rb2 Ne4 45.Bxe4 fxe4 46.Kf1 Nb8 47.Rb4 Nd7 48.Rxe4 Kc6 49.Rh4 Nf6
50.Rb4 Nd7 51.Ke2 Nxc5 52.Rh4 h6 53.Rg4 Ne6 54.Ke3 Kd5 55.Rb4 Kc6 56.Ra4 Kd5
57.Ra7 Nc5 58.f3 Kd6 59.h4 Kd5 60.h5 Ke6 61.Ra8 Nd7 62.g4 Nc5 63.Rg8 Kf6
64.Rc8 Ne6 65.Ke4 Ng5+ 66.Kd5 Kf7 67.Kxe5 Nxf3+ 68.Ke4 Ng5+ 69.Kf5 Ne6 70.Ke5 Ke7
71.Rb8 Nc5 72.Kd5 Nd3 73.Rxb7+ Kf6 74.Rb6+ Kf7 75.Ke4 Nf2+ 76.Kf5 Nh3 77.Rb3 Ng5
78.Rb7+ Kg8 79.Kg6 Ne6 80.Rb8+ Nf8+ 81.Kf5 Kf7 82.Rb7+ Kg8 83.Ke5 Nh7 84.Ke6 Nf6
85.Rb8+ Kh7 86.Kf5 Nd5 87.Re8 Nf6 88.Rd8 Ng8 89.Rf8 Ne7+ 90.Ke6 Ng8 91.Rf1 Kh8
92.Rf7 Kh7 93.Kf5  1-0

[Event "Corsican op"]
[Site "Bastia"]
[Date "1998.11.02"]
[Round "5"]
[White "Foisor, Cristina Adela B"]
[Black "Adianto, Utut"]
[Result "0-1"]
[WhiteElo "2405"]
[BlackElo "2610"]

1.Nf3 d5 2.g3 Nf6 3.Bg2 Bg4 4.O-O c6 5.d3 Nbd7 6.Nbd2 e5 7.e4 Bd6 8.c3 O-O
9.Qc2 Re8 10.Re1 Bh5 11.Nf1 a5 12.Nh4 Nc5 13.h3 Bc7 14.g4 Bg6 15.Nxg6 hxg6
16.Ng3 Ne6 17.Bf1 Nd7 18.Be3 Bb6 19.Rad1 d4 20.Bc1 Qh4 21.Kh2 dxc3 22.bxc3 Nf6
23.f3 Rad8 24.Bg2 Rd7 25.Nf1 Red8 26.Ne3 Rxd3 27.Nc4 Rxd1 28.Rxd1 Rxd1 29.Qxd1 Bf2
30.Kh1 Bg3 31.Nxa5 Nh7 32.Nxb7 Nhg5 33.Qf1 Nf4 34.Bxf4 Bxf4 35.Qe2 Qg3 36.Bf1 Bc1
37.Nc5 Be3 38.Qxe3 Nxf3 39.Qxf3 Qxf3+ 40.Bg2 Qxc3  0-1

[Event "Donetzk zt"]
[Site "Donetsk"]
[Date "1998.11.02"]
[Round "1"]
[White "Tukmakov, Vladimir B"]
[Black "Maksimenko, Andrei"]
[Result "1-0"]
[WhiteElo "2605"]
[BlackElo "2500"]

1.Nf3 d5 2.g3 Nf6 3.Bg2 c5 4.O-O e6 5.c4 Be7 6.d4 cxd4 7.cxd5 Nxd5 8.Nxd4 O-O
9.Nb5 Nc6 10.N1c3 Nxc3 11.Nxc3 Qa5 12.Be3 Rd8 13.Qa4 Qxa4 14.Nxa4 Nd4 15.Rfd1 e5
16.Bxd4 exd4 17.Rac1 Rb8 18.Nc5 Kf8 19.f4 b6 20.Nd3 Ba6 21.Rc7 Bxd3 22.exd3 a5
23.Rdc1 Bd6 24.R7c6 Bc5 25.a3 Re8 26.Be4 g6 27.g4 Rbd8 28.Kg2 Ke7 29.Rc7+ Kf8
30.f5 gxf5 31.gxf5 Rd6 32.Rc4 Rh6 33.h3 Re7 34.Rc8+ Re8 35.Rxe8+ Kxe8 36.b4 axb4
37.axb4 Be7 38.Rxd4 Rd6 39.Rc4 b5 40.Rc8+ Rd8 41.Rc7 Bxb4 42.Bc6+ Kf8 43.Bxb5 Rd5
44.f6 Ba5 45.Rc8+ Rd8 46.Rc6 h5 47.Bc4 Kg8 48.Kf3 Rd7 49.Kf4 h4 50.Kg5 Kh7
51.Rc8 Bd2+ 52.Kf5 Bb4 53.Re8 Rc7 54.Bd5 Rd7 55.Be4  1-0

[Event "Corsican op"]
[Site "Bastia"]
[Date "1998.11.03"]
[Round "7"]
[White "Pigusov, Evgeny"]
[Black "Oratovsky, Michael"]
[Result "0-1"]
[WhiteElo "2605"]
[BlackElo "2465"]

1.Nf3 d5 2.g3 c6 3.Bg2 Nf6 4.c4 dxc4 5.O-O Nbd7 6.Na3 Nb6 7.Qc2 Be6 8.b3 cxb3
9.axb3 g6 10.e4 Bg7 11.d4 O-O 12.Nc4 Ne8 13.Na5 Qc8 14.Bg5 f6 15.Be3 Nd6
16.Rfe1 f5 17.Ng5 fxe4 18.Nxe6 Qxe6 19.Bf4 Bxd4 20.Rad1 Qf6 21.Bxe4 e5 22.Rxd4 exf4
23.Qd2 fxg3 24.hxg3 Rad8  0-1

[Event "Wch U18"]
[Site "Oropesa del Mar"]
[Date "1998.11.03"]
[Round "8"]
[White "Svetushkin, Dmitry"]
[Black "Doettling, Fabian"]
[Result "1/2-1/2"]
[WhiteElo "2460"]
[BlackElo "2360"]

1.g3 d5 2.Nf3 c5 3.Bg2 Nc6 4.d3 e5 5.O-O Be7 6.e4 d4 7.a4 g5 8.Ne1 Be6 9.f4 gxf4
10.gxf4 exf4 11.Bxf4 Bg5 12.Qd2 Bxf4 13.Qxf4 Nge7 14.Nf3 Ng6 15.Qh6 Qe7 16.Nbd2 O-O-O
17.Rf2 Nge5 18.Qf4 Ng4 19.Re2 Rdg8 20.Nf1 Rg7 21.Kh1 Rhg8 22.Rae1 Qc7 23.Qxc7+ Kxc7
24.Nh4 Rg5 25.Nf3 R5g7 26.Nh4  1/2-1/2

[Event "USA-ch (Women)"]
[Site "Denver"]
[Date "1998.11.04"]
[Round "5"]
[White "Jezierska, Ivona"]
[Black "Frenklakh, Jennie"]
[Result "0-1"]
[WhiteElo "2100"]
[BlackElo "2110"]

1.Nf3 d5 2.g3 Bg4 3.Bg2 Nd7 4.d3 c6 5.Nbd2 e5 6.O-O Ngf6 7.e4 dxe4 8.dxe4 Bc5
9.Qe1 O-O 10.h3 Bh5 11.Nc4 Re8 12.Nh4 b5 13.Ne3 Nf8 14.Nef5 Ne6 15.b4 Bb6
16.Bb2 Qc7 17.c4 bxc4 18.Rc1 a5 19.Rxc4 axb4 20.Nf3 Bxf3 21.Bxf3 c5 22.Qa1 Nd7
23.Rd1 f6 24.Bg4 Ndf8 25.Ne3 Ra6 26.Nd5 Qa7 27.Qb1 Rb8 28.f4 Nd4 29.fxe5 fxe5
30.Bxd4 exd4 31.Rf1 Rxa2 32.Ne7+ Kh8 33.Nc6 Qa3 34.Qe1 Qb2 35.Be2 Rba8 36.Rf2 Qb3
37.Rf3 Qb2 38.Qf1 Ng6 39.Rf2 Ra1 40.Bd1 Qb1 41.Rd2 Qxe4 42.Qg2 Qe1+ 43.Kh2 Rxd1
44.Rf2 Re8 45.Rcc2 Nh4  0-1

[Event "Wch U18 Girls"]
[Site "Oropesa del Mar"]
[Date "1998.11.04"]
[Round "9"]
[White "Reizniece, Dana"]
[Black "Kaps, Darja"]
[Result "1-0"]
[WhiteElo "2170"]
[BlackElo "2155"]

1.Nf3 d5 2.g3 Nf6 3.Bg2 Bf5 4.O-O e6 5.d3 h6 6.Nfd2 Nc6 7.e4 dxe4 8.dxe4 Bh7
9.Nc3 Bb4 10.a3 Bxc3 11.bxc3 Qd7 12.Qe2 O-O 13.f4 Rad8 14.g4 Nd4 15.Qd3 Nb5
16.Qh3 Qc6 17.e5 Qxc3 18.Qxc3 Nxc3 19.exf6 Ne2+ 20.Kf2 Nxc1 21.Nf3 Ne2 22.Kxe2 Bxc2
23.Rfc1 Bd3+ 24.Ke3 c6 25.fxg7 Kxg7 26.Ne5 Bh7 27.Rd1 Bc2 28.Rxd8 Rxd8 29.Ra2 Ba4
30.Rd2 Rxd2 31.Kxd2 f6 32.Nd3  1-0

[Event "GER-ch"]
[Site "Bremen"]
[Date "1998.11.06"]
[Round "1"]
[White "Sielecki, Christof"]
[Black "Luther, Thomas"]
[Result "1/2-1/2"]
[WhiteElo "2410"]
[BlackElo "2560"]

1.Nf3 d5 2.g3 Nf6 3.Bg2 e6 4.O-O Be7 5.c4 d4 6.b4 O-O 7.Bb2 c5 8.d3 Nc6 9.b5 Na5
10.e3 dxe3 11.fxe3 a6 12.a4 Ng4 13.Qe2 f5 14.Nc3 b6 15.Rad1 axb5 16.axb5 Bb7
17.Kh1 Qc7 18.Ne1 Bg5 19.Nc2 Rf6 20.Nd5 exd5 21.Bxf6 Bxf6 22.Rxf5 Ne5 23.cxd5 Rd8
24.d4 cxd4 25.exd4 Nf7 26.Nb4 Nd6 27.Re5 Qc4 28.Nc6 Qxe2 29.Rxe2 Ra8 30.Ne5 Nxb5
31.Rb2 Nxd4 32.Nd7 Nab3 33.Nxf6+ gxf6 34.Rdb1 Ra3 35.d6 Bxg2+ 36.Kxg2 Kf7
37.Re1 Ra7 38.Re3 Rd7 39.Rexb3 Nxb3 40.Rxb3 Rxd6 41.Kf3 Ke6 42.h4 Kd5 43.Rd3+ Kc6
44.Rc3+ Kb7 45.Re3 Rd7 46.Kf4 b5 47.Kf5 Kc6 48.Kxf6 b4 49.g4 Rb7 50.Rb3 Kd5
51.g5 Ke4 52.h5 Rb6+ 53.Ke7 Kf5 54.g6 hxg6 55.hxg6 Kxg6 56.Kd7 Kf5 57.Kc7 Rb5
58.Kc6 Rb8 59.Kc5 Ke5 60.Rxb4 Rxb4 61.Kxb4  1/2-1/2

[Event "San Salvador zt"]
[Site "San Salvador"]
[Date "1998.11.06"]
[Round "2"]
[White "Jimenez, Juan Leon"]
[Black "Arencibia, Walter"]
[Result "0-1"]
[WhiteElo "2220"]
[BlackElo "2550"]

1.Nf3 d5 2.g3 Nc6 3.Bg2 e5 4.d3 Nf6 5.O-O Be7 6.c4 O-O 7.cxd5 Nxd5 8.Nc3 Nb6
9.a4 a5 10.Nb5 Be6 11.d4 e4 12.Nd2 Nxd4 13.Nxd4 Qxd4 14.Bxe4 c6 15.Qc2 f5
16.Bg2 Rfd8 17.e4 Qd3 18.Qxd3 Rxd3 19.exf5 Bxf5 20.Be4 Bxe4 21.Nxe4 Bb4 22.Be3 Nd5
23.Bc5 b6 24.Bxb4 Nxb4 25.Rab1 Rad8 26.f3 R8d4 27.Kg2 Rb3 28.Rfc1 Rdd3 29.Rc3 Rdxc3
30.Nxc3 Nd3 31.Nd1 Ne1+ 32.Kf2 Nxf3 33.Rc1 Ne5 34.Rc3 Rxc3 35.bxc3 Kf7 36.Ke3 Ng4+
37.Ke4 Nxh2 38.Ne3 b5 39.Kd4 bxa4 40.Nc4 h5 41.Ne5+ Ke6 42.Nxc6 a3 43.Nxa5 a2
44.Nb3 Nf1 45.c4 Nxg3 46.Ke3 g5 47.Kf3 Nf5 48.Ke4 h4 49.Nc5+ Ke7  0-1

[Event "Chigorin mem"]
[Site "St. Petersburg"]
[Date "1998.11.06"]
[Round "6"]
[White "Loginov, Valery A"]
[Black "Kharlov, Andrei"]
[Result "1/2-1/2"]
[WhiteElo "2520"]
[BlackElo "2575"]

1.Nf3 d5 2.g3 Nf6 3.Bg2 g6 4.c4 c6 5.d4 dxc4 6.O-O Bg7 7.Qc2 b5 8.Nc3 Bb7
9.a4 a6 10.e4 b4  1/2-1/2